[Event "World U20-ch22"]
[Site "Belfort"]
[Date "1983.08.22"]
[Round "10"]
[White "Schandorff, Lars"]
[Black "Short, Nigel D"]
[Result "1/2-1/2"]
[WhiteElo "2355"]
[BlackElo "2510"]
[Annotator "Bulletin/Primel,D"]
[PlyCount "93"]
[EventDate "1983.08.12"]
[EventType "swiss"]
[EventRounds "13"]
[EventCountry "FRA"]
[SourceTitle "EXT 2004"]
[Source "ChessBase"]
[SourceDate "2003.11.25"]
[SourceVersion "1"]
[SourceVersionDate "2003.11.25"]
[SourceQuality "1"]

1. c4 Nf6 {A noter que c'était déjà la 4ème participation à un
championnat du Monde de l'anglais après 1980 (2ème), 1981 et 1982 (3ème)} 2.
Nf3 b6 3. g3 Bb7 4. Bg2 c5 5. O-O e6 (5... g6 {Condie,M (2345)-Short,N (2510)
Wch U20 Belfort 1983 0-1}) 6. Nc3 Be7 7. d4 cxd4 8. Qxd4 d6 9. Bg5 $5 {l'idée
de cette variante positionnelle est de faire pression indirectement sur le P
d6 et qui a rapporté des nombreux points au GMI ANDERSSON au début des
années 80.} (9. Rd1 {la ligne principale} a6 10. b3 (10. Bg5 {Rappelle un peu
la partie} Nbd7 11. Bxf6 Nxf6 12. Na4 {[%csl Rb6]} Rb8 (12... b5 13. cxb5 axb5
14. Nc3 Bc6 15. a3 $14) 13. c5 $5)) 9... a6 (9... Nbd7 $6 10. Nb5 {[%csl Rd6]}
d5 11. cxd5 Bxd5 12. Rac1 $14) 10. Bxf6 (10. Rfd1 $143 {[%csl Rd6][%cal Gd4d2,
Gg5f4]} Nbd7 11. Qd2 (11. Bxf6 Nxf6 12. Na4 Rb8 13. c5 dxc5 14. Qe5 Bd5 15. e4
Nxe4 16. Qxg7 Bf6 17. Qh6 b5) 11... O-O 12. Bf4 Ne8 13. Rac1 Qc7 {[%cal Gc7c4]}
14. b3 Rd8 {La pratique donne quasiment l'égalité aux noirs.}) 10... Bxf6 11.
Qf4 {Comme dans la variante Nc6, le repli Qf4 fait pression sur les cases
Noires.} (11. Qd3 {Deux ans plus tard, l'anglais a été confronté à la
ligne principale} Ra7 (11... O-O $6 12. Rad1 Be7 13. Ng5 {[%csl Rb7] Le thème
évité par Ra7}) 12. Rad1 Be7 13. Nd4 Bxg2 14. Kxg2 Qc8 15. f4 g6 (15... Rc7
16. f5 e5 17. Nb3 Rxc4 18. Nd5 Bd8 19. f6 g6 $13) 16. f5 gxf5 17. e4 fxe4 18.
Nxe4 f5 19. Ng5 $36 {Tal,M (2565)-Short,N (2575) Naestved 1985 (2) 1/2}) 11...
Bxf3 (11... O-O {La ligne principale} 12. Rfd1 Be7 13. Ne4 Bxe4 14. Qxe4 Ra7
15. Nd4 {[%csl Rc6]} Rc7 (15... Qc8 16. b3 Re8 17. a4 Qc5 18. Ra2 Bf6 19. Rad2
Rc7 20. Qb1 Be7 {Karpov,A (2690)-Kasparov,G (2625) Moscow-4teams 1981 (6.1) 1/2
} (20... Rec8 $142 21. b4 Qxc4 22. Rc2 Qxc2 23. Nxc2 Rxc2 24. Be4 Rb2 25. Qd3
d5 $44 {Khalifman "The complete hedgehog vol1)})) 16. b3 Rc5 17. a4 Qc7) (11...
Ra7 {[%cal Ga7b7]} 12. Rad1 Be7 13. Ne4 Bxe4 14. Qxe4 Rc7 (14... O-O) 15. b3
O-O 16. Nd4 Qc8 17. Rd2 Re8 18. Rfd1 Bf8 19. a4 Nd7 20. Qb1 $1 Rc5 21. e3 Nf6
22. Rc2 $14 d5 {Andersson,U (2610)-Langeweg,K (2455) Hoogovens Wijk aan Zee
1981 (5) 1-0}) 12. Bxf3 {Une idée du GMI BROWNE} Ra7 {C'est l'idée de 11.
Bf3 qui libère la 7ème rangée pour jouer Ra7d7 protégeant la faiblesse
"d6"'} 13. Rfd1 (13. Rad1 Rd7 14. Rd3 O-O 15. Rfd1 Qc7 16. b3 Rc8 {Prie,E 
(2405)-Sharif,M (2460) Ste Maxime GM 1983 (4) 1/2}) 13... Be5 (13... Rd7 {
[%cal Gd7d6]}) 14. Qe3 (14. Qd2 O-O 15. Rac1 b5 $6 16. Qe3 Rd7 17. cxb5 axb5
18. b4 $1 {[%csl Rb5] Après avoir fixé la faiblesse "b5" KARPOV a obtenu
l'avantage} Bxc3 19. Rxc3 d5 20. Qc5 $14 {Karpov,A (2710)-Browne,W (2560) Bath
TV-A 1-0}) 14... Rc7 15. Qd3 {Une bonne amélioration de la partie d'ANDERSSON
jouée deux ans plus tôt.} (15. b3 $143 b5 $1 {[%cal Ge5a1];Andersson,U (2610)
-Browne,W (2555) Brasilia 0-1}) 15... O-O 16. Bg2 Rd7 17. f4 Bf6 18. Rd2 (18.
e4) 18... Qc7 19. Rad1 Rc8 20. e3 Rdd8 (20... Qxc4 21. Qxc4 Rxc4 22. Rxd6 Rxd6
23. Rxd6 b5 24. Rb6 Rc8 25. Bb7 $14) 21. Qe4 Bxc3 $1 22. bxc3 Nc6 23. Qxc6 $1 (
23. Bf1 {[%cal Gf1d3]} Na5 24. Bd3 g6 25. h4 Nb7 {[%cal Gb7c5,Gb7d6]} (25...
Nxc4 26. Qxc4 Qxc4 27. Bxc4 Rxc4 28. Rxd6) 26. h5 Nc5 $15 {[%csl Gc5]}) 23...
Qxc6 24. Bxc6 Rxc6 25. e4 Kf8 26. e5 Ke7 27. Rd4 b5 28. cxb5 axb5 29. a4 bxa4
30. Rxa4 d5 31. Rb1 Rxc3 32. Ra7+ Rd7 33. Rbb7 Rxb7 34. Rxb7+ Ke8 35. Rb8+ Kd7
36. Rg8 {La suite manquante de la sasie de la partie} Rc1+ 37. Kf2 Rc2+ 38. Ke3
Rxh2 39. Rxg7 Ke7 40. Rg8 Rh6 41. Kf3 Rg6 42. Ra8 Rh6 43. Rb8 Rh2 44. Ra8 h6
45. Rb8 Rc2 46. Rh8 Rh2 47. g4 {Le rôle de favori dans un tournoi est souvent
difficile à tenir mais même en n'ayant perdu aucune partie, l'anglais a
été souvent contraint d'annuler contre des joueurs plus faibles et il a
été distancé par GEORGIEV} 1/2-1/2

[Event "World U20-ch22"]
[Site "Belfort"]
[Date "1983.08.19"]
[Round "7"]
[White "Stohl, Igor"]
[Black "Greenfeld, Alon"]
[Result "1/2-1/2"]
[WhiteElo "2335"]
[BlackElo "2460"]
[Annotator "Bulletin/Primel,D"]
[PlyCount "114"]
[EventDate "1983.08.12"]
[EventType "swiss"]
[EventRounds "13"]
[EventCountry "FRA"]
[SourceTitle "EXT 2004"]
[Source "ChessBase"]
[SourceDate "2003.11.25"]
[SourceVersion "1"]
[SourceVersionDate "2003.11.25"]
[SourceQuality "1"]

1. c4 Nf6 2. Nc3 c5 3. Nf3 e6 4. g3 b6 5. Bg2 Bb7 6. O-O Be7 7. d4 cxd4 8. Qxd4
d6 9. Rd1 (9. b3 O-O 10. e4 Nbd7 11. Qe3 a6 12. Nd4 Qc7 13. Bb2 Rfe8 14. h3 Bf8
15. Rfe1 Rad8 16. Re2 g6 (16... Qb8 17. Qd2) 17. Rae1 Qb8 18. Qd2 Bg7 19. Qd1
Nc5 20. Bc1 {Huebner,R (2640)-Kasparov,G (2630) Interpolis Tilburg 1981 (6) 0-1
} (20. Qb1 $142 {Kasparov})) 9... a6 10. b3 Nbd7 11. e4 Qb8 {L'idée était
récente et les noirs cherchaient une alternative à Qc7 qui donne une bonne
finale aux blancs. Mais lorsqu'on étudie la variante du hérisson avec 11.
Qb8, il est étonnant de voir le nombre très élevé de nulles. C'est la
raison pour laquelle le hérisson avec 7.d4 et 8.Qd4 a perdu beaucoup de
popularité notamment au profit de 7. Re1} (11... Qc8 {donne plus de chances
de gain des deux cotés mais cette nouveauté était récente au moment du
championnat du Monde 1983} 12. Bb2 {l'idée de Qc8 est d'empêcher Ba3 faisant
pression sur "d6"} (12. Ba3 $6 Nc5 13. e5 $2 dxe5 (13... Bxf3 14. Bxf3 dxe5 15.
Qxe5 Ncd7 {[%cal Gd7e5,Ge7a3] Gagnant une pièce}))) (11... Qc7 $143 $6 12. Ba3
Nc5 13. e5 dxe5 14. Qxe5 Rc8 15. Qxc7 Rxc7 16. Bc1 Nfe4 17. Nxe4 Bxe4 18. Bf4
$14) 12. Ba3 Nc5 13. e5 dxe5 (13... Bxf3 14. Bxf3 dxe5 15. Bc6+ $1) 14. Qxe5
Ncd7 (14... Qa7 $142 $1 {Milos,G (2380)-Georgiev,K (2420) Wch U20 Belfort 1983
(8) 0-1}) 15. Qxb8+ Rxb8 16. Bb2 O-O 17. Nd4 $146 {[%csl Rc6] La nouveauté
essaie d'exploiter la faiblesse "c6"} (17. Rd2 {Uhlmann,W (2535)-Garcia
Martinez,S (2445) Rubinstein mem (11) 1/2}) 17... Rfc8 $11 18. Rac1 Kf8 19. h3
({RR} 19. Bxb7 Rxb7 20. Kg2 Ne5 21. Nce2 Nfd7 22. h3 Bf6 23. f4 Nc6 24. Ba3+
Be7 25. Bb2 Bf6 26. Ba3+ Be7 27. Bb2 Bf6 {1/2-1/2 Lechtynsky,J (2409)-Simacek,
P (2411)/Czechia 2001/EXT 2003}) 19... Rc5 20. f4 h5 21. g4 $5 hxg4 22. hxg4
Nxg4 $6 (22... g5 $142 $5) 23. Nxe6+ $1 fxe6 24. Rxd7 Bxg2 25. Kxg2 Rh5 {
[%cal Gh5h2,Gh2b2]} 26. Ne4 Ne3+ (26... Rh2+ 27. Kg3 Rxb2 28. Kxg4 Rd8 (28...
Rxa2 $4 29. Rh1 {Curieusement le K noir est dans un réseau de mat.} Ke8 30. Ra7
)) 27. Kg1 Ke8 28. Ra7 Rh4 29. Be5 Rd8 30. Rxa6 Nf5 31. Rxb6 $2 (31. Re1) 31...
Ng3 $1 32. Nxg3 Bc5+ 33. Kf1 Bxb6 34. c5 Ba5 35. Rc2 Rd2 36. Rxd2 Bxd2 37. Ne2
{Malgré la perte de la qualité, les blancs gardent quelques chances de gain
avec la majorité éloignée de l'aile-dame} Kd7 38. Bxg7 (38. a3 Kc6 39. b4 Kd5
40. Kg2 g5 41. Kg3 Be1+) 38... Bxf4 39. b4 Be3 $1 {[%csl Ge3,Rf1]} 40. a3 Kc6
41. Be5 Rc4 42. Bd6 Bc1 $1 43. Nxc1 Rxc1+ 44. Ke2 Ra1 45. Kd3 Kd5 (45... Rxa3+
46. Kc4 Ra2 47. b5+ Kb7) 46. b5 Rxa3+ 47. Kc2 Ra5 (47... Rh3) 48. b6 Rb5 49.
Kd2 Kd4 50. Ke2 e5 51. Bc7 Rb2+ 52. Kf1 Ke4 53. c6 Kf3 54. Kg1 e4 55. b7 e3 56.
Ba5 {Le coup sous enveloppe à l'ajournement} Rg2+ 57. Kh1 Rg8 1/2-1/2

[Event "World U20-ch22"]
[Site "Belfort"]
[Date "1983.08.20"]
[Round "8"]
[White "Milos, Gilberto"]
[Black "Georgiev, Kiril"]
[Result "0-1"]
[WhiteElo "2380"]
[BlackElo "2410"]
[Annotator "Bulletin/Primel,D"]
[PlyCount "108"]
[EventDate "1983.08.12"]
[EventType "swiss"]
[EventRounds "13"]
[EventCountry "FRA"]
[SourceTitle "EXT 2004"]
[Source "ChessBase"]
[SourceDate "2003.11.25"]
[SourceVersion "1"]
[SourceVersionDate "2003.11.25"]
[SourceQuality "1"]

1. Nf3 Nf6 2. c4 c5 3. Nc3 e6 4. g3 b6 5. Bg2 Bb7 6. O-O Be7 7. d4 cxd4 8. Qxd4
{La variante du hérisson était très а la mode en ce début des années 80} d6 9.
Rd1 (9. Bg5 $5 {[%csl Rd6][%cal Gg5f6]} a6 10. Bxf6 Bxf6 11. Qf4 $14 {[%csl
Rd6][%cal Gf1d1]}) 9... a6 10. b3 Nbd7 11. e4 Qb8 {Un grand carrefour de la
variante a} (11... Qc7 $143 {a été beaucoup joué mais les blancs gardent une
petite initiative} 12. Ba3 Nc5 13. e5 $1 dxe5 14. Qxe5 Rc8 (14... Qxe5 $6 15.
Nxe5 $14 {[%csl Rc6]}) 15. Qxc7 Rxc7 16. Bc1 $1 {[%cal Gc1f4,Gf4c7]} (16. Bxc5
{une nouveauté qui m'avait donné l'occasion de battre mon premier MF mais
objectivement la manoeuvre Bc1f4 est meilleure.} Bxc5 17. Na4 $1 {L'idée pour
faire pression sur les cases noires} Ke7 18. Ne5 Bd6 $4 (18... Bxg2 {de façon
surprenante, plusieurs joueurs ont rejoué ma nouveauté dont un GMI mais la
finale est difficile а gagner} 19. Kxg2 {Wu Wenjin (2531)-Wang Zili (2542)
Yongchuan zt 3.3 (4) 1/2}) 19. Nxf7 {Primel,D (1780)-Ortel,E (2310) Bagneux op
1985 (2) 1-0}) 16... Nfe4 17. Nxe4 Bxe4 18. Bf4 Rc8 19. Bd6 $14 (19. Rd2 $14))
(11... Qc8 $5 {La variante la plus solide mais la Qc8 devra être rejouée
ensuite} 12. Bb2 (12. Ba3 $2 Nc5 13. e5 dxe5 14. Qxe5 $4 (14. Nxe5) 14... Ncd7
{[%cal Gd7e5,Ge7a3] Le piège d'ouverture})) (11... O-O $6 12. Ba3 Nc5 13. e5 $1
dxe5 14. Qxd8 Rfxd8 15. Nxe5 $1 Bxg2 16. Kxg2 {[%csl Rc6] la case faible "c6"
et la meilleure centralisation du K blanc donnent une bonne finale aux blancs})
12. Ba3 (12. Bb2) 12... Nc5 13. e5 dxe5 (13... Bxf3 14. Bxf3 dxe5 15. Bc6+ {
Cerisier,P (2290)-Giffard,N (2340) FRA-ch 59th Ales 1984 (6) 1/2}) 14. Qxe5 Qa7
$1 {Suivant la nouveauté de DE FIRMIAN dans une partie jouée quelques mois
plus tôt} (14... Qxe5 $2 15. Nxe5 Bxg2 16. Kxg2 Rc8 17. Bxc5 $1 {la manoeuvre
thématique} Rxc5 (17... Bxc5 18. Rd3 {[%cal Ga1d1]}) 18. Na4 {[%csl Rb6]}) (
14... Ncd7 {Ce repli est moins fort qu'avec 11. Qc8} 15. Qxb8+ Rxb8 16. Bb2 {
Stohl,I (2330)-Greenfeld,A (2460) Wch U20 Belfort 1983 1/2}) 15. Na4 $1 {
[%csl Rb6][%cal Ga3e7] Un thème important dans cette structure} Nfd7 $5 $146 (
15... Rc8 16. Nxc5 bxc5 17. Bb2 a5 18. Rd3 Be4 19. Re3 Bc6 20. Bh3 Bxf3 21.
Rxf3 O-O 22. Rd1 Rcd8 23. Rfd3 Rxd3 24. Rxd3 a4 25. Bg2 axb3 26. axb3 Ne8 27.
Bf3 Bf6 28. Qe2 Bxb2 29. Qxb2 Nf6 30. b4 cxb4 31. Qxb4 e5 32. c5 {Olafsson,H 
(2430)-De Firmian,N (2475)/Gausdal 1982/MCD/1/2-1/2 (32)}) (15... Ncd7 16. Qb2
Bxa3 17. Qxa3 b5 $1 {Naumann,F (2265)-Ftacnik,L (2585) Wichern op 4th 1997 (9)
0-1}) (15... O-O 16. Qe3 $14 {[%csl Rc5][%cal Ga4c5];Nguyen Huynh Minh,H (2464)
-Antonio,R (2589) Tagaytay City zt 3.3 2011 (3) 1/2}) 16. Qf4 (16. Qxg7 {
Risqué mais le P était peut-être prenable} Bf6 17. Qh6 Bxa1 18. Rxa1 O-O-O
19. Bb2 Rhg8 20. Nxc5 Nxc5 21. Bf6 $44 {[%csl Rc8,Gf6]}) 16... Qb8 17. Qg4 h5
$1 (17... O-O $2 18. Rxd7 Nxd7 19. Bxe7) 18. Qd4 Bf6 $11 19. Qd2 Qc7 (19...
Bxa1 $2 20. Nxc5 Nxc5 21. Bxc5 bxc5 22. Qd7+ Kf8 23. Ng5 $40) 20. Nxc5 bxc5 21.
Bb2 Bxf3 22. Bxf3 Rd8 23. Bxf6 gxf6 24. h4 $1 {[%csl Rh5]} Ke7 25. Qe2 f5 26.
Kf1 (26. Qe3) 26... f4 $1 27. gxf4 Qxf4 28. Qe4 Qxe4 29. Bxe4 Rdg8 $1 (29...
Rhg8 30. Bf3) 30. Bf3 Ne5 $15 {[%csl Ge5] Malgré une position ouverte, le N
central domine le B et les Noirs ont une bonne finale} 31. Ke2 Rg6 32. Rg1 Rf6
$36 33. Bb7 Rf4 34. Bxa6 Rxh4 {[%csl Gh5,Gh8]} (34... Nf3 $1 {[%cal Gf3h4,
Gf3g1]} 35. Rgd1 Nd4+ $40 {[%csl Ra1,Ra6,Re2]}) 35. Bb7 Rf4 36. Ke3 Rd4 37.
Rad1 Ng4+ 38. Ke2 e5 39. Rh1 h4 40. Bf3 f5 41. Bxg4 $6 {Le N était trop
pénible mais les Noirs obtiennent une forte majorité à l'aile-roi soutenue
par la Rh8} (41. a4 $5 {[%csl Ga4]}) 41... fxg4 42. a4 {[%csl Rb3] Trop tard
et le P"b3" est trés faible} h3 $40 43. Ra1 Rhd8 44. a5 Rd2+ 45. Ke1 Rb2 $19
46. a6 Rxb3 47. a7 Ra8 48. Rg1 h2 49. Rh1 g3 50. fxg3 Rb2 51. Kd1 Kf6 52. Kc1
Rg2 53. Re1 Rxa7 54. Rf1+ Kg6 {SALOV et GEORGIEV restent en tête avec 7/8} 0-1

[Event "Lopota FIDE GP (Women)"]
[Site "Lopota"]
[Date "2014.06.24"]
[Round "5"]
[White "Ju, Wenjun"]
[Black "Zhao, Xue"]
[Result "1-0"]
[WhiteElo "2532"]
[BlackElo "2538"]
[Annotator "CB"]
[PlyCount "83"]
[EventDate "2014.06.19"]
[EventType "tourn"]
[EventRounds "11"]
[EventCountry "GEO"]
[EventCategory "11"]
[SourceTitle "CBM 161 Extra"]
[Source "ChessBase"]
[SourceDate "2014.08.29"]
[SourceVersion "1"]
[SourceVersionDate "2014.08.29"]
[SourceQuality "1"]

{A very tense battle. Ju Wenjun's early exploits in the kingside looked more
dangerous than what they actually were, but Zhao Xue wasn't able to create
huge amounts of counterplay either. White's pressure continued well into the
endgame. In time trouble a critical position was reached; Zhao Xue had the
choice of capturing a pawn but transposing into a dangerous-looking pawn
endgame or trying to survive down the pawn. She chose the latter which proved
to be the wrong choice.} 1. Nf3 Nf6 2. c4 b6 3. g3 c5 4. Bg2 Bb7 5. O-O g6 6.
Nc3 Bg7 7. d4 cxd4 8. Qxd4 d6 9. Be3 Nbd7 10. Rac1 O-O 11. Qh4 Qb8 12. Rfd1 Rc8
13. b3 a6 14. g4 h6 15. g5 hxg5 16. Bxg5 Rc5 17. b4 Rc7 18. Nd5 Nxd5 19. cxd5
Nf6 20. Bxf6 Bxf6 21. Ng5 Bxg5 22. Qxg5 Rxc1 23. Rxc1 Qd8 24. h4 Rc8 25. Rxc8
Bxc8 26. h5 Kg7 27. Be4 Qe8 28. f4 f5 29. Bf3 Qf7 30. Kf2 Qf6 31. Kg3 Bd7 32.
Kh4 Be8 33. hxg6 Bb5 (33... Bxg6 34. Bh5 Kf7 35. a4 Bxh5 36. Qxf6+ exf6 $1 37.
Kxh5 Kg7 38. a5 b5 $11) 34. Kh5 Kg8 35. Qxf6 exf6 36. Kh6 a5 37. bxa5 bxa5 38.
e3 Bc4 39. a3 Bb5 40. Bd1 Be8 41. Bc2 Bd7 42. g7 1-0

[Event "Poikovsky Karpov 14th"]
[Site "Poikovsky"]
[Date "2013.09.02"]
[Round "5"]
[White "Cheparinov, Ivan"]
[Black "Inarkiev, Ernesto"]
[Result "0-1"]
[WhiteElo "2678"]
[BlackElo "2693"]
[Annotator "CB"]
[PlyCount "34"]
[EventDate "2013.08.28"]
[EventType "tourn"]
[EventRounds "9"]
[EventCountry "RUS"]
[EventCategory "18"]
[SourceTitle "CBM 156"]
[Source "ChessBase"]
[SourceDate "2013.09.17"]
[SourceVersion "1"]
[SourceVersionDate "2013.09.17"]
[SourceQuality "1"]

1. d4 Nf6 2. c4 e6 3. Nf3 b6 4. g3 Bb7 5. Bg2 c5 6. O-O cxd4 7. Qxd4 Nc6 8. Qf4
{Wird seit Jahr und Tag von Weiß so gespielt, aber angesichts der schwarzen
Ergebnisse muss man sich fragen, ob das wirklich das beste Rückzugsfeld für
die Dame ist.} d6 (8... Qb8 {gilt als Ausgleichszug und beschert Schwarz auch
ein positives Ergebnis in der Statistik.}) ({Pfiffig ist auch} 8... Ne7 $5 9.
Nc3 Ng6 10. Qd4 (10. Qd2 Bb4) 10... Bc5) 9. Rd1 (9. Nc3 Qb8 10. Rd1 Be7 11. b3
O-O 12. Bb2 a6 13. Ng5 h6 14. Nge4 Rd8 15. h4 Ra7 16. Rd2 Ba8 17. Rad1 Ne8 18.
g4 Ne5 19. Qg3 b5 20. c5 dxc5 21. Rxd8 Bxd8 22. Rxd8 Qxd8 23. Qxe5 b4 24. Na4
Rd7 25. g5 hxg5 26. hxg5 Rd5 27. Qg3 c4 28. bxc4 Rf5 29. Qd3 Qc7 30. c5 Bc6 31.
Qxa6 Bxe4 32. Bxe4 Rxg5+ 33. Bg2 Qd8 34. f4 Rg6 35. Qc6 Qd1+ 36. Kf2 Nf6 37.
Bxf6 gxf6 38. Nb6 Qd4+ 39. Kf3 Qc3+ 40. Kf2 Qg3+ 41. Kf1 Rg4 42. Nd7 Kg7 43.
Qa8 Qxf4+ 44. Bf3 Qc1+ {0-1 (44) Kovacevic,V-Spassov,L Virovitica 1976}) 9...
Be7 {Ein neur Zug.} 10. b3 Qc7 11. Nc3 a6 12. Ba3 Ne5 13. Ng5 (13. Rd2 b5 {
mit Gegenspiel.}) 13... Bxg2 14. Kxg2 O-O ({Nicht} 14... b5 $2 15. Nge4 Rd8 (
15... Nxe4 16. Nxe4 Ng6 17. Nxd6+ $18) 16. Nxf6+ gxf6 17. Ne4 $18) 15. Nge4
Nxe4 16. Nxe4 Ng6 17. Qf3 $4 {Kostet die Partie.} (17. Qd2 $11) 17... d5 {
mit Figurengewinn.} 0-1

[Event "Politiken Cup 36th"]
[Site "Helsingor"]
[Date "2014.07.23"]
[Round "4"]
[White "Romanov, Evgeny"]
[Black "Svane, Rasmus"]
[Result "1-0"]
[WhiteElo "2643"]
[BlackElo "2494"]
[Annotator "CB"]
[PlyCount "61"]
[EventDate "2014.07.21"]
[EventType "swiss"]
[EventRounds "10"]
[EventCountry "DEN"]
[SourceTitle "CBM 161 Extra"]
[Source "ChessBase"]
[SourceDate "2014.08.29"]
[SourceVersion "1"]
[SourceVersionDate "2014.08.29"]
[SourceQuality "1"]

1. c4 c5 2. Nf3 Nc6 3. d4 cxd4 4. Nxd4 Qb6 5. Nb3 e6 6. Nc3 Bb4 7. e4 Nf6 8.
Bd3 O-O 9. Bf4 $5 $146 {üblich ist 9. 0-0; mit Lf4 (Idee: e5) versucht Weiß
den Schwarzen sofort einzuschnüren. Dies kostet allerdings ein Tempo, der
weiße König verweilt in der Mitte, was den Befreiungsschlag 9. ...-d5 als
logische Antwort erscheinen lässt.} a5 $6 {danach geht das Konzept des
Weißen auf.} (9... d5 10. e5 (10. exd5 exd5 11. O-O dxc4 12. Bxc4 $11 {
wird wohl kaum dem Anspruch des Weißen gerecht.}) 10... dxc4 11. exf6 cxd3 12.
fxg7 Rd8 {mit beidseitigen Chancen, wobei Schwarz objektiv wohl deutlich
besser steht.}) 10. O-O a4 11. e5 Ne8 12. Nd2 Qd4 (12... a3 $5 13. Nb5 axb2 14.
Rb1 Rxa2 15. Qb3 Qa5 16. Rxb2 Rxb2 17. Qxb2 {und Weiß hat mehr als genug
Kompensation für den Bauern}) 13. Nde4 Nxe5 14. Nf6+ Kh8 (14... Nxf6 {
verbietet sich natürlich} 15. Bxh7+ Nxh7 16. Qxd4 $18) 15. Bxe5 Qxe5 16. Nxh7
Bxc3 (16... a3 17. Re1 $1 Qa5 (17... Qf4 {hier steht die Dame nicht besser, ja
geht sogar verloren.} 18. Nxf8 axb2 19. Qh5+ Kg8 20. Qh7+ Kxf8 21. Qh8+ Ke7 22.
Nd5+ $18) 18. Nd5 $3 {mit durchschlagendem Angriff. Die simple Idee ist, die 5.
Reihe zu blockieren, damit die Dame auf h5 mattsetzen kann.} exd5 19. Qh5 Kg8
20. Rxe8 $3 Rxe8 21. Ng5 {nebst Matt}) 17. bxc3 Rg8 18. Re1 Qf4 19. Re4 Qh6 20.
Re3 g6 21. Rh3 Qxh3 22. gxh3 Kxh7 {Schwarz konnte dem sofortigen Ende
entkommen, findet sich nun allerdings in einem nicht mehr aufzuwiegenden
materiellen Nachteil wieder.} 23. h4 Ra5 24. Rb1 Nc7 25. h5 Rg5+ 26. Kf1 f5 27.
hxg6+ R8xg6 28. Qxa4 Na6 29. Qa3 Rh5 30. Qe7+ Rg7 31. Qe8 1-0

[Event "Buenos Aires"]
[Site "Buenos Aires"]
[Date "1980.??.??"]
[Round "?"]
[White "Panno, Oscar"]
[Black "Browne, Walter Shawn"]
[Result "1/2-1/2"]
[WhiteElo "2540"]
[BlackElo "2540"]
[Annotator "Chekhov,V"]
[PlyCount "36"]
[EventDate "1980.10.15"]
[EventType "tourn"]
[EventRounds "13"]
[EventCountry "ARG"]
[EventCategory "13"]
[SourceTitle "MCL"]
[Source "ChessBase"]
[SourceDate "1999.07.01"]
[SourceVersion "1"]
[SourceVersionDate "1999.07.01"]
[SourceQuality "1"]

1. Nf3 Nf6 2. g3 b6 3. Bg2 Bb7 4. O-O c5 5. c4 e6 6. b3 Be7 7. Bb2 O-O 8. e3 d6
9. Qe2 Nbd7 10. d4 Rc8 (10... a6 $5 11. Rd1 Re8 12. Nc3 cxd4 13. Nxd4 (13. exd4
Bf8 14. Rac1 Rc8 $10 {Spasov,V-Ribli,Z/Indonesia/1982/ Inf 35/47/}) 13... Bxg2
14. Kxg2 Qc7 15. Rd2 Bf8 16. Rad1 Rac8 17. Kg1 Qb7 18. Qf3 Qxf3 19. Nxf3 Nc5
$10 {Andersson,U-Hjartarson,J/Reykjavik/1991/}) 11. Rd1 Qc7 12. Nc3 a6 13. Rac1
(13. d5 exd5 14. cxd5 b5 15. e4 Rfe8 $132) 13... Rfe8 $1 14. h3 (14. e4 cxd4
15. Nxd4 Bf8) 14... Qb8 15. Ne1 (15. e4 $5 cxd4 16. Nxd4 Bf8 17. f4) 15... cxd4
16. Rxd4 (16. exd4 Bf8 $1 $10 (16... Bxg2 17. Nxg2 Qb7 18. Ne3 (18. d5 exd5 19.
cxd5 b5) 18... d5 19. cxd5 Nxd5 20. Ncxd5 exd5 21. Rxc8 Rxc8 22. Nxd5)) 16...
Nc5 17. Rdd1 (17. Rcd1 $5) 17... Bxg2 18. Nxg2 Qa8 (18... Qa8 19. Nf4 (19. f3
$5 { e4}) 19... Nfe4 20. Nxe4 Nxe4 { 1/4b7,b5}) 1/2-1/2

[Event "Buenos Aires"]
[Site "Buenos Aires"]
[Date "1980.??.??"]
[Round "?"]
[White "Karpov, Anatoly"]
[Black "Browne, Walter Shawn"]
[Result "1/2-1/2"]
[WhiteElo "2725"]
[BlackElo "2540"]
[Annotator "Chekhov,V"]
[PlyCount "52"]
[EventDate "1980.10.15"]
[EventType "tourn"]
[EventRounds "13"]
[EventCountry "ARG"]
[EventCategory "13"]
[SourceTitle "MCL"]
[Source "ChessBase"]
[SourceDate "1999.07.01"]
[SourceVersion "1"]
[SourceVersionDate "1999.07.01"]
[SourceQuality "1"]

1. c4 c5 2. Nf3 Nf6 3. Nc3 e6 4. g3 b6 5. Bg2 Bb7 6. O-O Be7 7. d4 cxd4 8. Qxd4
d6 9. Rd1 a6 10. b3 Nbd7 11. Bb2 (11. e4 $5 Qb8 $5 (11... O-O $5 12. Ba3 Nc5
13. e5 dxe5 14. Qxd8 Rfxd8 15. Nxe5 Bxg2 16. Kxg2 $14) (11... Qc7 12. Ba3 Nc5
13. e5 dxe5 14. Qxe5 Qc8 $5) 12. Bb2 (12. Ba3 Nc5 13. e5 dxe5 14. Qxe5 Qa7 $13)
12... O-O) 11... O-O 12. e4 Rc8 (12... Qc7 $5 13. Qe3 Rfe8 14. Nd4 Bf8 15. Rac1
Rad8 16. h3 g6 17. Kh2 Bg7 18. Qe2 Qb8 $13 {Vukic,M-Suba,M/Vinkovci/1977/}) (
12... Qb8 $5) 13. Nd2 $5 (13. Qe3 $5 {P d4/}) 13... Bc6 (13... Re8 $5) (13...
Qc7) 14. a4 (14. Rac1 b5 $5) 14... Qc7 15. h3 Rfe8 $10 16. Re1 Bf8 17. Kh1 Bb7
(17... g6 $5 {P g7,h5-h4/}) 18. Ba3 $6 (18. Rac1 $5 {P e3,f4,g4/}) 18... Nc5
19. b4 $6 (19. Rac1 $5) 19... Ncd7 20. f4 Red8 (20... e5 21. Qf2 (21. fxe5 Nxe5
22. Nd5 Bxd5 23. cxd5 Qc3 24. Qxc3 Rxc3) 21... exf4 22. gxf4 g6 23. Nd5) (20...
h5 $5 {Ph4/} 21. e5 dxe5 22. fxe5 Bxg2+ 23. Kxg2 Nh7) 21. Rac1 g6 22. Qf2 Bg7
23. Bb2 Qb8 24. Rb1 Ne8 25. Ne2 Bxb2 26. Rxb2 Qa8 (26... Qa8 27. Nc3 (27. a5
bxa5 28. bxa5 Nc5 $17) 27... a5 $1 28. bxa5 Qxa5 $17) 1/2-1/2